000 00313 a2200133 4500
000 nam a22 7a 4500
100 _aIyengar, T K V
110 _aIyengar, T K V
245 _aLinear Algebra and Calculus
250 _aLatest edition
260 _bS Chand
_c2024
264 _bS Chand
_c2024
942 _cBK
999 _c397152
_d397152